Minecraft - przedmioty które można barwić (1.21.4) - Statystyki

Ogólne statystyki
  • Ten quiz został rozwiązany 617 razy
    159 od ostatniego zresetowania
  • Średni wynik to 6 z 15
Statystyki odpowiedzi
Przedmiot/blok % Poprawnych
Wełna
94%
Łóżko
73%
Zbroja
68%
Dywan
61%
Cement
60%
Szkło
55%
Terakota
41%
Szyba
40%
Sztandar
38%
Shulkerowa skrzynia
20%
Psia obroża
19%
Zbroja końska
18%
Świeczka
11%
Sakwa
8%
Gwiazdka pirotechniczna
1%
Nie znaleziono quizów pasujących do podanych kryteriów
Rozkład punktacji
Procent ludzi z każdym wynikiem
Percentyl według liczby udzielonych odpowiedzi
Twoja historia wyników
Nie rozwiązałeś tego quizu od ostatniego zresetowania